Diplomado en orientación educativa : (Record no. 206751)
[ view plain ]
| 000 -CABECERA | |
|---|---|
| campo de control de longitud fija | 00846nam a2200205 u 4500 |
| 005 - FECHA Y HORA DE LA ÚLTIMA TRANSACCIÓN | |
| campo de control | 20220907113305.0 |
| 008 - ELEMENTOS DE LONGITUD FIJA--INFORMACIÓN GENERAL | |
| campo de control de longitud fija | 191204n mx r 000 0 spa d |
| 035 ## - NÚMERO DE CONTROL DEL SISTEMA | |
| Número de control de sistema | UPN01000234656 |
| 040 ## - FUENTE DE LA CATALOGACIÓN | |
| Centro catalogador/agencia de origen | MX-MxUPN |
| Lengua de catalogación | spa |
| Centro/agencia transcriptor | MX-MxUPN |
| 050 ## - SIGNATURA TOPOGRÁFICA DE LA BIBLIOTECA DEL CONGRESO | |
| Número de clasificación | LC1047 M6 |
| Número de documento/Ítem | M86 |
| 100 1# - ASIENTO PRINCIPAL--NOMBRE PERSONAL | |
| Nombre de persona | Muñoz Riverohl, Bernardo |
| 245 10 - MENCIÓN DE TÍTULO | |
| Título | Diplomado en orientación educativa : |
| Resto del título | Modulo II Tema 4 : investigación en orientación educativa |
| 260 ## - PUBLICACIÓN, DISTRIBUCIÓN, ETC. | |
| Lugar de publicación, distribución, etc. | México : |
| Nombre del editor, distribuidor, etc. | Universidad Nacional Autónoma de México, Dirección General de Orientación Vocacional, coordinación del Sistema de Universidad Abierta, Centro de Investigaciones y Servicios Educativos, |
| Fecha de publicación, distribución, etc. | [19--?] |
| 300 ## - DESCRIPCIÓN FÍSICA | |
| Extensión | volúmenes, varias paginaciones |
| 650 #2 - ASIENTO SECUNDARIO DE MATERIA - TERMINO TEMATICO | |
| 9 (RLIN) | 17989 |
| Término de materia o nombre geográfico como elemento de entrada | Educación vocacional |
| Subdivisión geográfica | México |
| 905 ## - TIPO DE MATERIAL | |
| Tipo de material | Libro |
| 942 ## - ELEMENTOS DE PUNTO DE ACCESO ADICIONAL (KOHA) | |
| Suprimir en OPAC | No |
| Fuente del sistema de clasificación o colocación | Library of Congress Classification |
| Tipo de ítem Koha | Libro |
| Estado de retiro | Estado de pérdida | Fuente del sistema de clasificación o colocación | Estado dañado | No para préstamo | Código de colección | Localización permanente | Ubicación/localización actual | Ubicación en estantería | Fecha de adquisición | Clasificación | Código de barras | Fecha visto por última vez | Número de copia | Tipo de ítem Koha |
|---|---|---|---|---|---|---|---|---|---|---|---|---|---|---|
| Library of Congress Classification | Colección General | Bib. Gregorio Torres Quintero | Bib. Gregorio Torres Quintero | Planta baja | 07/09/2022 | LC1047 M6 M86 | 334176 | 31/12/2020 | 1 | Libro |
